[Event "Alesund Grand Prix A"]
[Site "Alesund"]
[Date "2017.04.02"]
[Round "5"]
[White "Unneland, Mathias"]
[Black "Nyland, Thomas"]
[Result "0-1"]
[WhiteElo "1645"]
[BlackElo "2041"]
[PlyCount "78"]
[EventDate "2017.04.01"]
[EventType "swiss"]
[EventRounds "4"]
[EventCountry "NOR"]
[SourceTitle "EXT 2024"]
[Source "ChessBase"]
[SourceDate "2023.10.10"]
[SourceVersion "1"]
[SourceVersionDate "2023.10.10"]
[SourceQuality "1"]

1. e4 e6 2. d4 d5 3. exd5 exd5 4. Bd3 Bd6 5. Nf3 Ne7 6. 0-0 0-0 7. c3 Bf5 8. Bg5 Bxd3 9. Qxd3 f6 10. Be3 c6 11. Nbd2 Nd7 12. c4 Kh8 13. Rfe1 dxc4 14. Nxc4 Bc7 15. Rad1 Nb6 16. Na5 Rb8 17. Nb3 Re8 18. Bd2 Bd6 19. Re4 Ng6 20. Rg4 Qd7 21. h3 Re7 22. Nh4 Nxh4 23. Rxh4 f5 24. Qf3 Qe6 25. Rf1 Nd5 26. Bg5 Nf6 27. Nd2 Rbe8 28. b3 Bc7 29. g3 Kg8 30. Nc4 h6 31. Bxf6 Qxf6 32. d5 cxd5 33. Qxd5+ Qf7 34. Qf3 f4 35. Qg4 fxg3 36. Qd4 gxf2+ 37. Rxf2 Re1+ 38. Kg2 Qg6+ 39. Qg4 Qb1 0-1

[Event "Roquetas de Mar op 28th"]
[Site "Roquetas de Mar"]
[Date "2017.01.03"]
[Round "1"]
[White "Vazquez Igarza, Renier"]
[Black "Nyland, Thomas"]
[Result "1-0"]
[WhiteElo "2572"]
[BlackElo "2089"]
[PlyCount "51"]
[EventDate "2017.01.03"]
[EventType "swiss"]
[EventRounds "9"]
[EventCountry "ESP"]
[SourceTitle "CBM 176 Extra"]
[Source "ChessBase"]
[SourceDate "2017.03.02"]
[SourceVersion "1"]
[SourceVersionDate "2017.03.02"]
[SourceQuality "1"]

1. d4 e6 2. Nf3 d5 3. Bf4 c5 4. e3 Nf6 5. c3 Bd6 6. Bg3 Nc6 7. Nbd2 0-0 8. Bb5 cxd4 9. exd4 Qc7 10. Qe2 a6 11. Bd3 Re8 12. Ne5 Bxe5 13. dxe5 Nd7 14. Nf3 Qd8 15. h4 f5 16. exf6 Nxf6 17. Ne5 Nxe5 18. Bxe5 Bd7 19. Rh3 Rf8 20. Rg3 Qe8 21. Qe3 Qh5 22. Qd4 Kh8 23. Rg5 Qf7 24. h5 Bb5 25. h6 g6 26. Rg3 1-0

[Event "Eger Agria op 40th"]
[Site "Eger"]
[Date "2016.07.22"]
[Round "7"]
[White "Goczo, Melinda"]
[Black "Nyland, Thomas"]
[Result "1/2-1/2"]
[WhiteElo "2159"]
[BlackElo "1969"]
[PlyCount "39"]
[EventDate "2016.07.18"]
[EventType "swiss"]
[EventRounds "8"]
[EventCountry "HUN"]
[SourceTitle "EXT 2020"]
[Source "ChessBase"]
[SourceDate "2019.10.17"]
[SourceVersion "1"]
[SourceVersionDate "2019.10.17"]
[SourceQuality "1"]

1. d4 e6 2. c4 d5 3. Nf3 Nf6 4. g3 Be7 5. Bg2 0-0 6. 0-0 dxc4 7. Qc2 a6 8. Qxc4 b5 9. Qc2 Bb7 10. Nc3 Nbd7 11. Bf4 c5 12. dxc5 Bxc5 13. Rfd1 Qb6 14. e3 Rfe8 15. Qe2 e5 16. Bg5 h6 17. Bxf6 Nxf6 18. a4 b4 19. a5 Qc7 20. Na4 1/2-1/2

[Event "Eger Agria op 40th"]
[Site "Eger"]
[Date "2016.07.18"]
[Round "1"]
[White "Bako, Milan"]
[Black "Nyland, Thomas"]
[Result "0-1"]
[WhiteElo "1310"]
[BlackElo "1969"]
[PlyCount "78"]
[EventDate "2016.07.18"]
[EventType "swiss"]
[EventRounds "8"]
[EventCountry "HUN"]
[SourceTitle "EXT 2020"]
[Source "ChessBase"]
[SourceDate "2019.10.17"]
[SourceVersion "1"]
[SourceVersionDate "2019.10.17"]
[SourceQuality "1"]

1. e4 e6 2. d4 d5 3. f3 dxe4 4. fxe4 Qh4+ 5. Ke2 Qxe4+ 6. Be3 e5 7. Nc3 Qg4+ 8. Nf3 e4 9. Ke1 exf3 10. gxf3 Qh4+ 11. Bf2 Qe7+ 12. Be2 Nf6 13. Kd2 g6 14. Bb5+ c6 15. Re1 Be6 16. Bc4 Bh6+ 17. Be3 Bxe3+ 18. Rxe3 0-0 19. Qe2 Bxc4 20. Rxe7 Bxe2 21. Nxe2 Nbd7 22. Nc3 Rfe8 23. Rae1 Rxe7 24. Rxe7 Re8 25. Rxe8+ Nxe8 26. Ne4 f5 27. Ng5 h5 28. Ne6 Nd6 29. b3 Kf7 30. Ng5+ Kf6 31. Nh7+ Ke7 32. Ke3 Nf7 33. Kf4 Nf6 34. Nxf6 Kxf6 35. h4 Nd8 36. c4 Ne6+ 37. Ke3 g5 38. hxg5+ Nxg5 39. f4 Ne4 0-1

[Event "Gyor op-A 7th"]
[Site "Gyor"]
[Date "2016.07.09"]
[Round "6"]
[White "Horvath, Tibor"]
[Black "Nyland, Thomas"]
[Result "0-1"]
[WhiteElo "1730"]
[BlackElo "1969"]
[PlyCount "54"]
[EventDate "2016.07.06"]
[EventType "swiss"]
[EventRounds "9"]
[EventCountry "HUN"]
[SourceTitle "EXT 2017"]
[Source "ChessBase"]
[SourceDate "2016.10.25"]
[SourceVersion "1"]
[SourceVersionDate "2016.10.25"]
[SourceQuality "1"]

1. d4 e6 2. e4 d5 3. Nc3 dxe4 4. Nxe4 Nd7 5. Nf3 Ngf6 6. Bd3 Nxe4 7. Bxe4 Nf6 8. Bd3 c5 9. 0-0 cxd4 10. Nxd4 Bc5 11. Nb3 Bd6 12. Re1 Qc7 13. h3 0-0 14. Bg5 Kh8 15. Bxf6 gxf6 16. Bxh7 Rd8 17. Qh5 Kg7 18. Bd3 Rh8 19. Qg4+ Kf8 20. Qc4 Qe7 21. Nd4 Be5 22. c3 Bd7 23. Nf3 Bd6 24. Be4 Rc8 25. Qd3 Rd8 26. Rad1 Ba4 27. Qxd6 Rxd6 0-1

[Event "Gyor op-A 7th"]
[Site "Gyor"]
[Date "2016.07.09"]
[Round "7"]
[White "Nyland, Thomas"]
[Black "Orosz, Andras"]
[Result "1-0"]
[WhiteElo "1969"]
[BlackElo "2386"]
[PlyCount "119"]
[EventDate "2016.07.06"]
[EventType "swiss"]
[EventRounds "9"]
[EventCountry "HUN"]
[SourceTitle "EXT 2017"]
[Source "ChessBase"]
[SourceDate "2016.10.25"]
[SourceVersion "1"]
[SourceVersionDate "2016.10.25"]
[SourceQuality "1"]

1. e4 c5 2. c3 g6 3. d4 cxd4 4. cxd4 d5 5. e5 Nc6 6. Bb5 Nh6 7. Nf3 Bg4 8. Qa4 Qb6 9. Bd2 a6 10. Bxc6+ bxc6 11. Ba5 Qb7 12. Nbd2 Bg7 13. 0-0 0-0 14. h3 Bxf3 15. Nxf3 Qxb2 16. Rab1 Qe2 17. Rfe1 Qd3 18. Red1 Qf5 19. Qxc6 e6 20. Rb7 g5 21. Bd2 g4 22. hxg4 Qxg4 23. Bxh6 Bxh6 24. Rdb1 Bf4 25. Rc7 h5 26. Rbb7 h4 27. Rxf7 Rxf7 28. Rxf7 h3 29. Qxa8+ Kxf7 30. Qb7+ Kg6 31. Qb1+ Kg7 32. Qf1 a5 33. a4 Kf7 34. Kh1 Qh5 35. Qe2 hxg2+ 36. Kxg2 Qg6+ 37. Kf1 Qb1+ 38. Ne1 Ke7 39. Qc2 Qxc2 40. Nxc2 Kf7 41. Ke2 Kg6 42. Na1 Bg5 43. Nb3 Bd8 44. f4 Kf5 45. Kf3 Bc7 46. Nc1 Bb6 47. Ne2 Kg6 48. Kg4 Ba7 49. Kf3 Bb6 50. Ke3 Kf5 51. Nc3 Kg6 52. Nb5 Kf5 53. Kf3 Kg6 54. Kg4 Bd8 55. Nd6 Bb6 56. f5+ exf5+ 57. Nxf5 Ba7 58. Ne7+ Kf7 59. Nc6 Bb6 60. Kf5 1-0

[Event "Oslo Stjernens op"]
[Site "Oslo"]
[Date "2016.03.13"]
[Round "4"]
[White "Eriksen, Dagfinn"]
[Black "Nyland, Thomas"]
[Result "0-1"]
[WhiteElo "1720"]
[BlackElo "2018"]
[PlyCount "66"]
[EventDate "2016.03.11"]
[EventType "swiss"]
[EventRounds "5"]
[EventCountry "NOR"]
[SourceTitle "EXT 2019"]
[Source "ChessBase"]
[SourceDate "2018.10.10"]
[SourceVersion "1"]
[SourceVersionDate "2018.10.10"]
[SourceQuality "1"]

1. e4 e5 2. Nf3 Nc6 3. Bb5 Nf6 4. d3 Bc5 5. 0-0 d6 6. c3 a6 7. Ba4 b5 8. Bb3 Bg4 9. Bg5 h6 10. Be3 0-0 11. Nbd2 a5 12. Qc2 Bxe3 13. fxe3 a4 14. Bd5 Nxd5 15. exd5 Ne7 16. e4 f5 17. c4 c6 18. dxc6 Qb6+ 19. Kh1 Qxc6 20. Rac1 Rac8 21. h3 Bh5 22. Rf2 fxe4 23. Nxe4 Bxf3 24. Rxf3 Rxf3 25. gxf3 d5 26. Nd2 Qe6 27. Kh2 Ng6 28. Qd1 dxc4 29. dxc4 Rd8 30. Rc2 Qf5 31. Qc1 Nf4 32. Ne4 Qxh3+ 33. Kg1 Qxf3 0-1

[Event "Oslo Stjernens op"]
[Site "Oslo"]
[Date "2016.03.12"]
[Round "3"]
[White "Nyland, Thomas"]
[Black "Nordquelle, Daniel"]
[Result "0-1"]
[WhiteElo "2018"]
[BlackElo "1932"]
[PlyCount "34"]
[EventDate "2016.03.11"]
[EventType "swiss"]
[EventRounds "5"]
[EventCountry "NOR"]
[SourceTitle "EXT 2019"]
[Source "ChessBase"]
[SourceDate "2018.10.10"]
[SourceVersion "1"]
[SourceVersionDate "2018.10.10"]
[SourceQuality "1"]

1. d4 Nf6 2. c4 c5 3. d5 e6 4. Nc3 exd5 5. cxd5 d6 6. Nf3 a6 7. a4 g6 8. Bf4 Bg7 9. e3 Bg4 10. Qb3 Bxf3 11. gxf3 Qe7 12. Bxd6 Qxd6 13. Qxb7 0-0 14. Qxa8 Qb6 15. 0-0-0 Rd8 16. d6 c4 17. Bxc4 Qc5 0-1

[Event "Almeria Sola Memorial-A 2nd"]
[Site "Almeria"]
[Date "2015.12.19"]
[Round "3"]
[White "Fuertes Romo, Jose Manuel"]
[Black "Nyland, Thomas"]
[Result "1-0"]
[WhiteElo "1997"]
[BlackElo "2027"]
[PlyCount "45"]
[EventDate "2015.12.18"]
[EventType "swiss"]
[EventRounds "6"]
[EventCountry "ESP"]
[SourceTitle "CBM 170 Extra"]
[Source "ChessBase"]
[SourceDate "2016.02.25"]
[SourceVersion "1"]
[SourceVersionDate "2016.02.25"]
[SourceQuality "1"]

1. e4 e5 2. Nf3 Nc6 3. Bb5 Nf6 4. d3 Bc5 5. c3 0-0 6. Nbd2 d6 7. 0-0 a6 8. Bxc6 bxc6 9. h3 Qe7 10. Re1 Ba7 11. d4 exd4 12. cxd4 Rb8 13. Qc2 Qd7 14. Nf1 c5 15. e5 Nd5 16. Qe4 Nb4 17. Ne3 cxd4 18. Ng5 g6 19. Qh4 f6 20. exf6 dxe3 21. Bxe3 Bxe3 22. Rxe3 Nc6 23. Re7 1-0